Lineamientos Guía para la inclusión de criterios de biodiversidad en los términos de referencia de los estudios de impacto ambiental de los sectores productivos (Registro nro. 6595)

Detalles MARC
000 -CABECERA
Campo de control 01268nam a2200241 a 4500
005 - FECHA Y HORA DE LA ULTIMA TRANSACCION
Campo de control 20180803165404.0
008 - ELEMENTOS DE LONGITUD FIJA—INFORMACION GENERAL
Campo de control 140129b2004 ck ||||| |||| 00| 0 spa d
040 ## - FUENTE DE CATALOGACIÓN
Agencia transcriptora CO-BoIH
041 ## - IDIOMA
Código de idioma para texto/pista de sonido o título separado Español
044 ## - PAÍS DE PUBLICACIÓN
País de publicación Colombia
090 ## - CLASIFICACIÓN LOCAL
Colección IAVH
Consecutivo 01035
100 ## - ASIENTO PRINCIPAL--NOMBRE PERSONAL
Nombre personal Rincón B., Sofía A.
245 ## - MENCION DE TITULO
Título Lineamientos Guía para la inclusión de criterios de biodiversidad en los términos de referencia de los estudios de impacto ambiental de los sectores productivos
260 ## - PUBLICACION, DISTRIBUCION, ETC. (PIE DE IMPRENTA)
Lugar de publicación, distribución, etc. Bogotá
Nombre del editor, distribuidor, etc. Instituto Alexander von Humboldt
Fecha de publicación, distribución, etc. 2004
300 ## - DESCRIPCION FISICA
Extensión 25 p.
520 ## - NOTA DE RESUMEN, ETC.
Nota de resumen Diagnóstico preliminar sobre el estado de las consideraciones referentes a biodiversidad en la normatividad ambiental vigente, específicamente en lo relacionado con los términos de referencia para el desarrollo de Estudios de Impacto Ambiental, requisito para la obtención de la licencia ambiental de actividades productivas. Adicionalmente, se presentan recomendaciones técnicas o lineamientos para la inclusión de criterios de biodiversidad en dichos términos de referencia
650 ## - ASIENTO SECUNDARIO DE MATERIA - TERMINO TEMATICO
Término temático o nombre geográfico como elemento de entrada Normatividad ambiental
650 ## - ASIENTO SECUNDARIO DE MATERIA - TERMINO TEMATICO
Término temático o nombre geográfico como elemento de entrada Licencias ambientales
650 ## - ASIENTO SECUNDARIO DE MATERIA - TERMINO TEMATICO
Término temático o nombre geográfico como elemento de entrada Estudios de impacto ambiental
650 ## - ASIENTO SECUNDARIO DE MATERIA - TERMINO TEMATICO
Término temático o nombre geográfico como elemento de entrada Biodiversidad
942 ## - ELEMENTOS ADICIONALES (KOHA)
Tipo de ítem Informe Técnico
Sistema de clasificación Local
945 ## - PROCESAMIENTO LOCAL
AAAA-MM-DD - Fecha de ingreso o modificacion 2008-09-19
Existencias
Withdrawn status Lost status Sistema de Clasificación Damaged status No para préstamo Colección Inventariado Ubicación Permanente Ubicación actual Fecha de adquisición Total Checkouts Número topográfico Inventario / Código de Barras Date last seen Ejemplar Price effective from Forma de adquisición Tipo de material
    Local     Humboldt Inventariado 2017 Bogotá Bogotá 19/09/2008   IAVH-01035 026400 09/08/2024 Ej. 1 04/12/2012   Informe Técnico